000 00259nam a2200097Ia 4500
001 1163481
005 20250827011703.0
008 250824s9999 xx 000 0 und d
245 0 _aSİS NASIL OLSA DAĞILIR
_cAHMET MELİH KARAUĞUZ
260 _bKETEBE YAYINLARI
999 _c1163481
_d1163481